<?xml version="1.0" encoding="UTF-8"?>
<record
    xmlns:xsi="http://www.w3.org/2001/XMLSchema-instance"
    xsi:schemaLocation="http://www.loc.gov/MARC21/slim http://www.loc.gov/standards/marcxml/schema/MARC21slim.xsd"
    xmlns="http://www.loc.gov/MARC21/slim">

  <leader>02303nam a22002655a 4500</leader>
  <controlfield tag="003">OSt</controlfield>
  <controlfield tag="005">20180121115230.0</controlfield>
  <controlfield tag="008">180121s2012    ua     frb    000 0 ara d</controlfield>
  <datafield tag="040" ind1=" " ind2=" ">
    <subfield code="a">EG-ScBUE</subfield>
    <subfield code="b">ara</subfield>
    <subfield code="c">EG-ScBUE</subfield>
  </datafield>
  <datafield tag="043" ind1=" " ind2=" ">
    <subfield code="a">f-ua---</subfield>
  </datafield>
  <datafield tag="082" ind1="0" ind2="4">
    <subfield code="a">345.6205</subfield>
    <subfield code="b">&#x639; &#x628; &#x62F;</subfield>
    <subfield code="2">22</subfield>
  </datafield>
  <datafield tag="100" ind1="1" ind2=" ">
    <subfield code="a">&#x639;&#x628;&#x62F; &#x627;&#x644;&#x645;&#x637;&#x644;&#x628;&#x60C; &#x625;&#x64A;&#x647;&#x627;&#x628;.</subfield>
  </datafield>
  <datafield tag="245" ind1="1" ind2="2">
    <subfield code="a">&#x627;&#x644;&#x645;&#x648;&#x633;&#x648;&#x639;&#x629; &#x627;&#x644;&#x62C;&#x646;&#x627;&#x626;&#x64A;&#x629; &#x627;&#x644;&#x62D;&#x62F;&#x64A;&#x62B;&#x629; &#x641;&#x64A; &#x627;&#x644;&#x628;&#x637;&#x644;&#x627;&#x646; :</subfield>
    <subfield code="b">&#x645;&#x639;&#x644;&#x642;&#x627; &#x639;&#x644;&#x64A;&#x647;&#x627; &#x628;&#x622;&#x631;&#x627;&#x621; &#x627;&#x644;&#x641;&#x642;&#x647; &#x648;&#x623;&#x62D;&#x643;&#x627;&#x645; &#x645;&#x62D;&#x643;&#x645;&#x629; &#x627;&#x644;&#x646;&#x642;&#x636; &#x645;&#x646;&#x630; &#x62A;&#x627;&#x631;&#x64A;&#x62E; &#x625;&#x646;&#x634;&#x627;&#x626;&#x647;&#x627; &#x62D;&#x62A;&#x649; &#x639;&#x627;&#x645; 2008 &#x645; : &#x623;&#x643;&#x62B;&#x631; &#x645;&#x646; &#x639;&#x634;&#x631;&#x629; &#x622;&#x644;&#x627;&#x641; &#x62D;&#x643;&#x645; : &#x627;&#x644;&#x623;&#x648;&#x635;&#x627;&#x641; &#x648;&#x627;&#x644;&#x62A;&#x639;&#x644;&#x64A;&#x645;&#x627;&#x62A; &#x627;&#x644;&#x639;&#x627;&#x645;&#x629; &#x644;&#x644;&#x646;&#x64A;&#x627;&#x628;&#x627;&#x62A; /</subfield>
    <subfield code="c">&#x625;&#x64A;&#x647;&#x627;&#x628; &#x639;&#x628;&#x62F; &#x627;&#x644;&#x645;&#x637;&#x644;&#x628;.</subfield>
  </datafield>
  <datafield tag="246" ind1="3" ind2="0">
    <subfield code="a">&#x628;&#x637;&#x644;&#x627;&#x646;</subfield>
  </datafield>
  <datafield tag="250" ind1=" " ind2=" ">
    <subfield code="a">&#x637;. &#x646;&#x627;&#x62F;&#x64A; &#x627;&#x644;&#x642;&#x636;&#x627;&#x629;.</subfield>
  </datafield>
  <datafield tag="260" ind1=" " ind2=" ">
    <subfield code="a">&#x627;&#x644;&#x642;&#x627;&#x647;&#x631;&#x629; :</subfield>
    <subfield code="b">&#x627;&#x644;&#x645;&#x631;&#x643;&#x632; &#x627;&#x644;&#x642;&#x648;&#x645;&#x64A; &#x644;&#x644;&#x625;&#x635;&#x62F;&#x627;&#x631;&#x627;&#x62A; &#x627;&#x644;&#x642;&#x627;&#x646;&#x648;&#x646;&#x64A;&#x629;&#x60C;</subfield>
    <subfield code="c">2012.</subfield>
  </datafield>
  <datafield tag="300" ind1=" " ind2=" ">
    <subfield code="a">4 &#x645;&#x62C;. &#x61B;</subfield>
    <subfield code="c">24 &#x633;&#x645;.</subfield>
  </datafield>
  <datafield tag="504" ind1=" " ind2=" ">
    <subfield code="a">&#x64A;&#x634;&#x62A;&#x645;&#x644; &#x639;&#x644;&#x649; &#x625;&#x631;&#x62C;&#x627;&#x639;&#x627;&#x62A; &#x628;&#x628;&#x644;&#x64A;&#x648;&#x62C;&#x631;&#x627;&#x641;&#x64A;&#x629;.</subfield>
  </datafield>
  <datafield tag="505" ind1="2" ind2=" ">
    <subfield code="a">&#x645;&#x62C;. 1. &#x62A;&#x646;&#x638;&#x64A;&#x645; &#x627;&#x644;&#x62E;&#x635;&#x648;&#x645;&#x629; - &#x625;&#x646;&#x639;&#x642;&#x627;&#x62F; &#x627;&#x644;&#x62E;&#x635;&#x648;&#x645;&#x629; - &#x627;&#x644;&#x639;&#x644;&#x627;&#x642;&#x629; &#x628;&#x64A;&#x646; &#x627;&#x644;&#x62E;&#x635;&#x648;&#x645;&#x629; &#x627;&#x644;&#x62C;&#x646;&#x627;&#x626;&#x64A;&#x629; &#x648;&#x627;&#x644;&#x645;&#x62F;&#x646;&#x64A;&#x629;... &#x623;&#x633;&#x628;&#x627;&#x628; &#x627;&#x644;&#x628;&#x637;&#x644;&#x627;&#x646; &#x627;&#x644;&#x645;&#x648;&#x636;&#x648;&#x639;&#x64A;&#x629; - &#x627;&#x644;&#x62A;&#x645;&#x633;&#x643; &#x628;&#x627;&#x644;&#x628;&#x637;&#x644;&#x627;&#x646;  &#x62A;&#x635;&#x62D;&#x64A;&#x62D; &#x627;&#x644;&#x628;&#x637;&#x644;&#x627;&#x646;. -- &#x645;&#x62C;. 2. &#x623;&#x648;&#x62C;&#x647; &#x627;&#x644;&#x628;&#x637;&#x644;&#x627;&#x646; &#x641;&#x64A; &#x625;&#x62C;&#x631;&#x627;&#x621;&#x627;&#x62A; &#x627;&#x644;&#x627;&#x633;&#x62A;&#x62F;&#x644;&#x627;&#x644; - &#x627;&#x644;&#x633;&#x644;&#x637;&#x629; &#x627;&#x644;&#x645;&#x62E;&#x62A;&#x635;&#x629; &#x628;&#x627;&#x644;&#x627;&#x633;&#x62A;&#x62F;&#x644;&#x627;&#x644; - &#x627;&#x644;&#x62A;&#x635;&#x631;&#x641; &#x641;&#x64A; &#x627;&#x644;&#x62A;&#x647;&#x645;&#x629; &#x628;&#x639;&#x62F; &#x627;&#x644;&#x627;&#x633;&#x62A;&#x62F;&#x644;&#x627;&#x644;... &#x623;&#x646;&#x648;&#x627;&#x639; &#x628;&#x637;&#x644;&#x627;&#x646; &#x627;&#x644;&#x627;&#x633;&#x62A;&#x62C;&#x648;&#x627;&#x628; - &#x622;&#x62B;&#x627;&#x631; &#x628;&#x637;&#x644;&#x627;&#x646; &#x627;&#x644;&#x627;&#x633;&#x62A;&#x62C;&#x648;&#x627;&#x628;. -- &#x645;&#x62C;. 3. &#x628;&#x637;&#x644;&#x627;&#x646; &#x625;&#x62C;&#x631;&#x627;&#x621;&#x627;&#x62A; &#x627;&#x644;&#x645;&#x62D;&#x627;&#x643;&#x645;&#x629; &#x648;&#x627;&#x644;&#x62D;&#x643;&#x645; - &#x627;&#x644;&#x633;&#x644;&#x637;&#x629; &#x627;&#x644;&#x645;&#x62E;&#x62A;&#x635;&#x629; &#x628;&#x627;&#x644;&#x645;&#x62D;&#x627;&#x643;&#x645;&#x629; - &#x62A;&#x634;&#x643;&#x64A;&#x644; &#x627;&#x644;&#x642;&#x636;&#x627;&#x621;... - &#x625;&#x646;&#x633;&#x62D;&#x627;&#x628; &#x627;&#x644;&#x645;&#x62D;&#x627;&#x645;&#x64A; &#x645;&#x646; &#x627;&#x644;&#x62F;&#x639;&#x648;&#x649; - &#x645;&#x646;&#x639; &#x627;&#x644;&#x62E;&#x635;&#x645; &#x623;&#x648; &#x645;&#x62D;&#x627;&#x645;&#x64A;&#x629; &#x645;&#x646; &#x627;&#x644;&#x645;&#x631;&#x627;&#x641;&#x639;&#x629;. -- &#x645;&#x62C;. 4. &#x623;&#x62B;&#x631; &#x627;&#x644;&#x639;&#x630;&#x631; &#x627;&#x644;&#x642;&#x647;&#x631;&#x64A; &#x641;&#x64A; &#x627;&#x644;&#x625;&#x62C;&#x631;&#x627;&#x621;&#x627;&#x62A; &#x627;&#x644;&#x62C;&#x646;&#x627;&#x626;&#x64A;&#x629; - &#x627;&#x644;&#x639;&#x630;&#x631; &#x627;&#x644;&#x642;&#x647;&#x631;&#x64A; &#x643;&#x633;&#x628;&#x628; &#x644;&#x637;&#x644;&#x628; &#x62A;&#x623;&#x62C;&#x64A;&#x644; &#x627;&#x644;&#x62F;&#x639;&#x648;&#x649;... - &#x627;&#x644;&#x635;&#x641;&#x629; &#x641;&#x64A; &#x627;&#x644;&#x637;&#x639;&#x646; &#x628;&#x628;&#x637;&#x644;&#x627;&#x646; &#x627;&#x644;&#x627;&#x633;&#x62A;&#x62F;&#x644;&#x627;&#x644; &#x623;&#x648; &#x627;&#x644;&#x62A;&#x62D;&#x642;&#x64A;&#x642; &#x627;&#x644;&#x627;&#x628;&#x62A;&#x62F;&#x627;&#x626;&#x64A; - &#x627;&#x644;&#x635;&#x641;&#x629; &#x641;&#x64A; &#x627;&#x644;&#x637;&#x639;&#x646; &#x628;&#x637;&#x644;&#x627;&#x646; &#x627;&#x644;&#x645;&#x62D;&#x627;&#x643;&#x645;&#x629; &#x623;&#x648; &#x627;&#x644;&#x62D;&#x643;&#x645;.</subfield>
  </datafield>
  <datafield tag="541" ind1=" " ind2=" ">
    <subfield code="a">&#x62F;&#x643;&#x62A;&#x648;&#x631; &#x623;&#x62D;&#x645;&#x62F; &#x62D;&#x645;&#x62F; &#x61B;</subfield>
    <subfield code="c">&#x625;&#x647;&#x62F;&#x627;&#x621; &#x61B;</subfield>
  </datafield>
  <datafield tag="650" ind1=" " ind2="7">
    <subfield code="a">&#x646;&#x638;&#x631;&#x64A;&#x629; &#x627;&#x644;&#x628;&#x637;&#x644;&#x627;&#x646;</subfield>
    <subfield code="z">&#x645;&#x635;&#x631;</subfield>
    <subfield code="v">&#x62F;&#x648;&#x627;&#x626;&#x631; &#x645;&#x639;&#x627;&#x631;&#x641;.</subfield>
    <subfield code="2">BUEsh</subfield>
  </datafield>
  <datafield tag="651" ind1=" " ind2=" ">
    <subfield code="2">BUEsh</subfield>
  </datafield>
  <datafield tag="653" ind1=" " ind2=" ">
    <subfield code="b">LLAAWW</subfield>
    <subfield code="c">January2018</subfield>
  </datafield>
  <datafield tag="942" ind1=" " ind2=" ">
    <subfield code="2">ddc</subfield>
  </datafield>
  <datafield tag="999" ind1=" " ind2=" ">
    <subfield code="c">25963</subfield>
    <subfield code="d">25935</subfield>
  </datafield>
  <datafield tag="952" ind1=" " ind2=" ">
    <subfield code="0">0</subfield>
    <subfield code="1">0</subfield>
    <subfield code="2">ddc</subfield>
    <subfield code="4">0</subfield>
    <subfield code="7">0</subfield>
    <subfield code="8">Donation-G</subfield>
    <subfield code="a">MAIN</subfield>
    <subfield code="b">MAIN</subfield>
    <subfield code="c">1ST</subfield>
    <subfield code="d">2018-01-21</subfield>
    <subfield code="e">Donation</subfield>
    <subfield code="o">345.6205 &#x639; &#x628; &#x62F;</subfield>
    <subfield code="p">000042856</subfield>
    <subfield code="r">2025-07-15 00:00:00</subfield>
    <subfield code="x">&#x625;&#x647;&#x62F;&#x627;&#x621; &#x62F;&#x643;&#x62A;&#x648;&#x631; &#x623;&#x62D;&#x645;&#x62F; &#x62D;&#x645;&#x62F;</subfield>
    <subfield code="y">REFERENCE</subfield>
    <subfield code="z">&#x645;&#x62C;. 2.</subfield>
  </datafield>
  <datafield tag="952" ind1=" " ind2=" ">
    <subfield code="0">0</subfield>
    <subfield code="1">0</subfield>
    <subfield code="2">ddc</subfield>
    <subfield code="4">0</subfield>
    <subfield code="7">0</subfield>
    <subfield code="8">Donation-G</subfield>
    <subfield code="a">MAIN</subfield>
    <subfield code="b">MAIN</subfield>
    <subfield code="c">0TH</subfield>
    <subfield code="d">2018-01-21</subfield>
    <subfield code="e">Donation</subfield>
    <subfield code="o">345.6205 &#x639; &#x628; &#x62F;</subfield>
    <subfield code="p">000042859</subfield>
    <subfield code="r">2025-07-15 00:00:00</subfield>
    <subfield code="x">&#x625;&#x647;&#x62F;&#x627;&#x621; &#x62F;&#x643;&#x62A;&#x648;&#x631; &#x623;&#x62D;&#x645;&#x62F; &#x62D;&#x645;&#x62F;</subfield>
    <subfield code="y">REFERENCE</subfield>
    <subfield code="z">&#x645;&#x62C;. 1.</subfield>
  </datafield>
  <datafield tag="952" ind1=" " ind2=" ">
    <subfield code="0">0</subfield>
    <subfield code="1">0</subfield>
    <subfield code="2">ddc</subfield>
    <subfield code="4">0</subfield>
    <subfield code="7">0</subfield>
    <subfield code="8">Donation-G</subfield>
    <subfield code="a">MAIN</subfield>
    <subfield code="b">MAIN</subfield>
    <subfield code="c">0TH</subfield>
    <subfield code="d">2018-01-21</subfield>
    <subfield code="e">Donation</subfield>
    <subfield code="o">345.6205 &#x639; &#x628; &#x62F;</subfield>
    <subfield code="p">000042860</subfield>
    <subfield code="r">2025-07-15 00:00:00</subfield>
    <subfield code="x">&#x625;&#x647;&#x62F;&#x627;&#x621; &#x62F;&#x643;&#x62A;&#x648;&#x631; &#x623;&#x62D;&#x645;&#x62F; &#x62D;&#x645;&#x62F;</subfield>
    <subfield code="y">REFERENCE</subfield>
    <subfield code="z">&#x645;&#x62C;. 3.</subfield>
  </datafield>
  <datafield tag="952" ind1=" " ind2=" ">
    <subfield code="0">0</subfield>
    <subfield code="1">0</subfield>
    <subfield code="2">ddc</subfield>
    <subfield code="4">0</subfield>
    <subfield code="7">0</subfield>
    <subfield code="8">Donation-G</subfield>
    <subfield code="a">MAIN</subfield>
    <subfield code="b">MAIN</subfield>
    <subfield code="c">0TH</subfield>
    <subfield code="d">2018-01-21</subfield>
    <subfield code="e">Donation</subfield>
    <subfield code="o">345.6205 &#x639; &#x628; &#x62F;</subfield>
    <subfield code="p">000042861</subfield>
    <subfield code="r">2025-07-15 00:00:00</subfield>
    <subfield code="x">&#x625;&#x647;&#x62F;&#x627;&#x621; &#x62F;&#x643;&#x62A;&#x648;&#x631; &#x623;&#x62D;&#x645;&#x62F; &#x62D;&#x645;&#x62F;</subfield>
    <subfield code="y">REFERENCE</subfield>
    <subfield code="z">&#x645;&#x62C;. 4.</subfield>
  </datafield>
</record>
